000 01246cam a22003737a 4500
003 CHAP
005 20220329133919.0
008 971013s1983 it r 00010 eng d
010 _a12615
011 _a13587
035 _a17659
040 _cCHAP
082 0 4 _a631.522
_bH3
100 0 0 _aHawkes, J. G.
_953139
245 1 2 _aA bibliography of crop genetic resources
260 _aCroston, Rome :
_bInternational Board for Plant Genetics Resources,
_c1983
300 _a442 p.
490 0 _aAGPG
590 _aBATCH-UPD
_b10
_c20130110
_lUCH01
_h0333
590 _aBATCH-UPD
_b10
_c20130110
_lUCH01
_h1813
590 _aBATCH-UPD
_b10
_c20130410
_lUCH01
_h0006
590 _aBATCH-UPD
_b10
_c20130914
_lUCH01
_h1104
590 _aCONVERSION
_b10
_c20130109
_lUCH01
_h1308
650 1 4 _aGenética vegetal
_xBibliografía.
_947499
650 1 4 _aPlantas
_xMejoramiento
_xBibliografía.
_988850
700 0 _aCroston, R. P.
_929202
700 0 _aWilliams, J. T.
_9122067
830 0 _aAGPG
_91144
901 _aBK
942 _cLIBRO
949 _a631.522 H3
_bBC
_cC
_d33724000121596
_eC
_fc.3
_h83982
_i17659
_si
949 _a631.522 H3
_bBC
_cC
_d33724000121604
_eC
_h63063
_i17659
_si
949 _a631.522 H3
_bBC
_cC
_d33724000121620
_eC
_fc.2
_h63084
_i17659
_si
999 _c12615
_d12615